Guess Country by Landmark - Statistics

General Stats
  • This quiz has been taken 36 times
  • The average score is 11 of 11
Answer Stats
Picture Answer % Correct
Australia
100%
China
100%
France
100%
India
100%
Italy
100%
United Kingdom
100%
Brazil
97%
Russia
97%
United States
97%
Japan
89%
United Arab Emirates
83%
No matching quizzes found
Score Distribution
Percent of People with Each Score
Percentile by Number Answered
Your Score History
You have not taken this quiz